[Event "DSV-Turnier"]
[Site "Potsdam"]
[Date "1985.??.??"]
[Round "12"]
[White "Sygulski, Artur"]
[Black "Garcia Gonzales, Guillermo"]
[Result "1/2-1/2"]
[WhiteElo "2425"]
[BlackElo "2440"]

1.d4 Nf6 2.c4 e6 3.Nf3 b6 4.g3 Ba6 5.b3 Bb4+ 6.Bd2 Be7 7.Bg2 c6 8.O-O d5
9.cxd5 cxd5 10.Ne5 O-O 11.Bc3 Nfd7 12.Nxd7 Nxd7 13.Bb2 Rc8 14.Qd2 Nf6  1/2-1/2

[Event "Poznan"]
[Site "Poznan"]
[Date "1985.??.??"]
[Round "4"]
[White "Neverov, Valeriy"]
[Black "Stempin, Pawel"]
[Result "0-1"]
[WhiteElo "2480"]
[BlackElo "2390"]

1.d4 Nf6 2.c4 e6 3.Nf3 b6 4.g3 Ba6 5.b3 Bb4+ 6.Bd2 Be7 7.Nc3 O-O 8.e4 d5
9.cxd5 Bxf1 10.Kxf1 exd5 11.e5 Ne4 12.Qe2 Nxc3 13.Bxc3 Qd7 14.Kg2 Nc6 15.Rhd1 Nd8
16.Rd3 Ne6 17.Rad1 Rae8 18.Bb2 g6 19.Bc1 f5 20.Kg1 Rf7 21.Ne1 g5 22.Ng2 f4
23.h4 Ref8 24.Qg4 Kh8 25.h5 Qc8 26.Kh2 Bb4 27.a3 Be7 28.Bb2 a5 29.R1d2 Qd7
30.Ne1 Rf5 31.Qd1 g4 32.Qxg4 Qe8 33.Kg1 Qf7 34.Ng2 Rg5 35.Qf3 Qg8 36.Qxd5 fxg3
37.Rxg3 Rxg3 38.fxg3 Qg4  0-1

[Event "Bohemians"]
[Site "Prague"]
[Date "1985.??.??"]
[Round "?"]
[White "Zaichik, Gennadi"]
[Black "Ambroz, Jan"]
[Result "1/2-1/2"]
[WhiteElo "2475"]
[BlackElo "2455"]

1.d4 Nf6 2.c4 e6 3.Nf3 b6 4.g3 Ba6 5.b3 Bb4+ 6.Bd2 Be7 7.Bg2 d5 8.O-O O-O
9.cxd5 exd5 10.Nc3 Bb7 11.Ne5 Na6 12.Bg5 c5 13.e3 Nc7 14.Rc1 Rc8 15.dxc5 bxc5
16.Re1 Ba8 17.Nd3 Na6 18.Bxf6  1/2-1/2

[Event "Prague zt"]
[Site "Prague"]
[Date "1985.??.??"]
[Round "2"]
[White "Gheorghiu, Florin"]
[Black "Farago, Ivan"]
[Result "1/2-1/2"]
[WhiteElo "2530"]
[BlackElo "2495"]

1.d4 Nf6 2.c4 e6 3.Nf3 b6 4.g3 Ba6 5.b3 Bb4+ 6.Bd2 Be7 7.Bg2 d5 8.cxd5 exd5
9.Nc3 O-O 10.O-O Bb7 11.Bc1 Re8 12.Bb2 Nbd7 13.Rc1 Bf8 14.Ne1 Ne4 15.Nd3 Ndf6
16.e3 a5 17.Qc2 Nxc3 18.Bxc3 Bd6  1/2-1/2

[Event "Prague zt"]
[Site "Prague"]
[Date "1985.??.??"]
[Round "15"]
[White "Schmidt, Wlodzimierz"]
[Black "Csom, Istvan"]
[Result "1/2-1/2"]
[WhiteElo "2475"]
[BlackElo "2480"]

1.d4 Nf6 2.c4 e6 3.Nf3 b6 4.g3 Ba6 5.b3 Bb4+ 6.Bd2 Be7 7.Nc3 c6 8.e4 d5 9.e5 Ne4
10.Bd3 Nxd2 11.Qxd2 Qd7 12.O-O O-O 13.a3 Rd8 14.Rfd1 Qe8 15.Qe2 Qf8 16.h4 Nd7
17.a4 h6 18.a5 Bb4 19.axb6 axb6 20.Rac1  1/2-1/2

[Event "Prague zt"]
[Site "Prague"]
[Date "1985.??.??"]
[Round "17"]
[White "Stempin, Pawel"]
[Black "Farago, Ivan"]
[Result "1/2-1/2"]
[WhiteElo "2390"]
[BlackElo "2495"]

1.d4 Nf6 2.c4 e6 3.Nf3 b6 4.g3 Ba6 5.b3 Bb4+ 6.Bd2 Be7 7.Nc3 d5 8.cxd5 exd5
9.Bg2 O-O 10.O-O Bb7 11.Bc1 Nbd7 12.Bb2 a6 13.Rc1 Bd6 14.Rc2 Qe7 15.Nh4 Qe6
16.Qc1 b5 17.Qg5 g6 18.Nf3 Rae8 19.Qh4 Ne4 20.Nxe4 Qxe4 21.Rfc1 Qxh4 22.Nxh4 Nb6
23.Bh3 b4 24.Re1 f6 25.Bc1 Bc8 26.Bxc8 Nxc8 27.Rc6 Ne7 28.Rc2 g5 29.Nf3 a5
30.Bd2 Nf5 31.h3 h5 32.e3 Kg7 33.Rec1 g4 34.hxg4 hxg4 35.Nh2 Nh6 36.a3 f5
37.axb4 axb4 38.Ra2 Ng8 39.Ra5 Nf6 40.Be1 Ra8 41.Rca1 Rxa5 42.Rxa5 Rb8 43.Kg2 Kf7
44.Nf1 Ke6 45.Nd2 Rb6 46.Kf1 Rc6 47.Ra1 Rc3 48.Ke2 Nd7 49.Kd1 c5 50.Rc1 cxd4
51.exd4 Rd3 52.Ke2 Rxd4 53.Ke3 Be5 54.f4 gxf3 55.Nxf3 Re4+ 56.Kd3 Kd6 57.Bf2 Bc3
58.Rh1 Nc5+ 59.Bxc5+ Kxc5 60.Rh5 f4 61.gxf4 Rxf4 62.Ke3 Rf7 63.Ke2 Ra7 64.Kd3 Ra1
65.Ng5 Rd1+ 66.Ke3 Re1+ 67.Kf3 Bd2 68.Nh7 Kd4 69.Kf2 Re4 70.Rf5 Rf4+ 71.Rxf4+ Bxf4
72.Ke2 Bh6 73.Nf6 Bg5 74.Ne8 Bf4 75.Nf6 Bh6 76.Ne8 Kc3 77.Nc7 d4 78.Nb5+ Kxb3
79.Nxd4+ Ka2 80.Kd3  1/2-1/2

[Event "Reykjavik"]
[Site "Reykjavik"]
[Date "1985.??.??"]
[Round "7"]
[White "Hansen, Curt"]
[Black "Hjartarson, Johann"]
[Result "1/2-1/2"]
[WhiteElo "2505"]
[BlackElo "2530"]

1.d4 Nf6 2.c4 e6 3.Nf3 b6 4.g3 Ba6 5.b3 Bb4+ 6.Bd2 Be7 7.Bg2 O-O 8.O-O c6
9.Bc3 d5 10.Nbd2 Nbd7 11.Re1 c5 12.e4 dxe4 13.Nxe4 Bb7 14.Nfg5 cxd4 15.Qxd4 Qc7
16.Qd3 Nxe4 17.Nxe4 Rad8 18.Qe2 e5 19.h4 f5 20.Ng5 Bxg2 21.Kxg2 h6 22.Nh3 Qc6+
23.Kg1 Bf6 24.Rad1 e4 25.Bxf6 Qxf6 26.Nf4 Ne5 27.Kg2 Qc6 28.Rd5 Rxd5 29.cxd5 Qc3
30.h5 Rd8 31.Rd1 Rd6 32.Kf1 Ng4 33.Rd2 Rd8 34.d6 Rd7 35.Nd5 Qc5 36.Ne7+ Kf7
37.Rd5 Qc1+ 38.Kg2 Nf6 39.Rd1 Qc5 40.Qd2 Ke6 41.b4 Qxd6 42.Qxd6+ Rxd6 43.Rxd6+ Kxd6
44.Nxf5+ Kd5 45.Nxg7 Kc4 46.Kh3 Kxb4 47.g4 Ka3 48.Nf5 Kxa2 49.Nxh6 b5 50.Nf5 b4
51.h6 b3 52.Ne3 Nh7 53.Kh4 a5 54.g5 Nf8 55.Kh5 a4 56.g6 Nxg6 57.Kxg6 b2 58.h7 b1=Q
59.h8=Q  1/2-1/2

[Event "Reykjavik"]
[Site "Reykjavik"]
[Date "1985.??.??"]
[Round "10"]
[White "Petursson, Margeir"]
[Black "Van der Wiel, John TH"]
[Result "1/2-1/2"]
[WhiteElo "2535"]
[BlackElo "2500"]

1.d4 Nf6 2.c4 e6 3.Nf3 b6 4.g3 Ba6 5.b3 Bb4+ 6.Bd2 Be7 7.Nc3 O-O 8.e4 d5
9.cxd5 Bxf1 10.Kxf1 exd5 11.e5 Ne4 12.Qe2 Nxc3 13.Bxc3 Qd7 14.Kg2 c5 15.Rhd1 Nc6
16.Rd2 Qe6 17.Rad1 Rad8 18.Qe3 Rfe8 19.Bb2 h6 20.Ne1 f6 21.exf6 Qxe3 22.fxe3 Bxf6
23.dxc5 Bxb2 24.Rxb2 Rxe3 25.cxb6 axb6 26.Nf3 Kf8 27.Rf2 Ke8 28.Nh4 Ne7 29.Rdd2 Rd6
30.Nf5 Nxf5 31.Rxf5 d4 32.Kf2 Re7 33.Rf3 Rd5 34.Rf4 d3 35.Kf3 Rde5 36.Rxd3 Re2
37.a4 Rxh2 38.Rd6 b5 39.a5 Ra2 40.b4 Ra3+ 41.Kg2 g5 42.Rff6 Re2+ 43.Kh3 h5
44.Rde6+ Rxe6 45.Rxe6+ Kf7 46.Re5 Kf6 47.Rxb5 h4 48.a6 Rxa6 49.gxh4 gxh4  1/2-1/2

[Event "Sarajevo"]
[Site "Sarajevo"]
[Date "1985.??.??"]
[Round "10"]
[White "Mikhalchishin, Adrian"]
[Black "Chandler, Murray G"]
[Result "1-0"]
[WhiteElo "2505"]
[BlackElo "2585"]

1.d4 Nf6 2.c4 e6 3.Nf3 b6 4.g3 Ba6 5.Qa4 Bb7 6.Bg2 c5 7.O-O Nc6 8.dxc5 Bxc5
9.Nc3 O-O 10.Bf4 Nh5 11.Bg5 f6 12.Bd2 f5 13.Rad1 Qe7 14.a3 a5 15.Bg5 Qf7
16.Rd3 h6 17.Rfd1 d6 18.Be3 Nf6 19.Bxc5 dxc5 20.Rd6 Rac8 21.Qb5 Ba8 22.Qxb6 Ne4
23.Rd7 Qf6 24.Qb3 Rb8 25.Nb5 Ne5 26.Nxe5 Qxe5 27.Qe3 Bc6 28.R7d2 Qf6 29.Bxe4 fxe4
30.Qxc5 e3 31.Qxe3 Bxb5 32.cxb5 Rxb5 33.f3 Kh8 34.Rd4 Rfb8 35.Re4 e5 36.b4 axb4
37.axb4 Rxb4 38.Rxe5 Qc6 39.Re6 Qa4 40.Rc1  1-0

[Event "Wch U20"]
[Site "Sharjah"]
[Date "1985.??.??"]
[Round "9"]
[White "Zysk, Robert"]
[Black "Klinger, Josef"]
[Result "0-1"]
[WhiteElo "2340"]
[BlackElo "2460"]

1.Nf3 Nf6 2.c4 b6 3.d4 e6 4.g3 Ba6 5.b3 Bb4+ 6.Bd2 Be7 7.Bg2 c6 8.O-O O-O
9.Bc3 d5 10.Nbd2 Nbd7 11.Re1 c5 12.e4 Rc8 13.Bb2 dxc4 14.Nxc4 cxd4 15.Nxd4 Nc5
16.Rc1 Na4 17.Ba1 Bb4 18.Re3 Bxc4 19.bxc4 e5 20.Qxa4 Bd2 21.Rd1 Bxe3 22.fxe3 exd4
23.exd4 Ng4 24.Re1 Qf6 25.Qc2 Qh6 26.Bf3 Rxc4 27.Qe2 Ne3 28.d5 Rc2 29.Qxe3 Qxe3+
30.Rxe3 Rc1+ 31.Kg2 Rxa1 32.Ra3 a5 33.Bg4 Re8 34.d6 Kf8 35.e5 h5 36.Bxh5 Rxe5
37.Rd3 Rxa2+ 38.Kf3 Re8 39.Bg4 Rd8 40.Ke4 Ra4+  0-1

[Event "Szirak"]
[Site "Szirak"]
[Date "1985.??.??"]
[Round "2"]
[White "Pinter, Jozsef"]
[Black "Sax, Gyula"]
[Result "1-0"]
[WhiteElo "2565"]
[BlackElo "2535"]

1.d4 Nf6 2.c4 e6 3.Nf3 b6 4.g3 Ba6 5.b3 Bb4+ 6.Bd2 Be7 7.Nc3 d5 8.cxd5 exd5
9.Bg2 O-O 10.O-O Bb7 11.Rc1 Na6 12.Ne5 Re8 13.Be3 h6 14.Qc2 c6 15.f4 Bd6
16.Bf2 Qe7 17.Bf3 Rac8 18.Qb1 Nc7 19.Rfd1 c5 20.Nc4 dxc4 21.Bxb7 Rb8 22.Bc6 cxd4
23.Bxe8 Rxe8 24.Bxd4 Bc5 25.Kh1 Ng4 26.Qf5 Bxd4 27.Qxg4 Bxc3 28.Rxc3 cxb3
29.axb3 Nb5 30.Rc4 Nd6 31.Rcd4 Ne4 32.Qf3 f5 33.Kg2 a5 34.Rd5 Qf6 35.R1d3 Kh7
36.Qh5 Rf8 37.Re5 Qc6 38.Qf3 Qc2 39.Rxf5 Nd2  1-0

[Event "Szirak"]
[Site "Szirak"]
[Date "1985.??.??"]
[Round "9"]
[White "Pinter, Jozsef"]
[Black "Klinger, Josef"]
[Result "1-0"]
[WhiteElo "2565"]
[BlackElo "2460"]

1.d4 Nf6 2.c4 e6 3.Nf3 b6 4.g3 Ba6 5.b3 Bb4+ 6.Bd2 Be7 7.Nc3 O-O 8.e4 d5
9.cxd5 Bxf1 10.Kxf1 exd5 11.e5 Ne4 12.Kg2 f5 13.Rc1 Qd7 14.Ne2 c5 15.h4 Nc6
16.Be3 Nd8 17.Ne1 Ne6 18.f3 cxd4 19.fxe4 dxe3 20.exd5 Rad8 21.d6 f4 22.Qd5 Bxd6
23.exd6 Qxd6 24.Qxd6 Rxd6 25.Nf3 h6 26.Rhd1 Rxd1 27.Rxd1 g5 28.Rd6 Kf7 29.hxg5 hxg5
30.Ned4 Nxd4 31.Nxg5+ Ke7 32.Rxd4 fxg3 33.Nf3 Rc8 34.Kxg3 Rc2 35.Ra4 a5 36.Kf4 e2
37.Ne1 Rb2 38.Ke3 Kd6 39.Rd4+ Kc5 40.Rd2 Rb1 41.Nd3+ Kb5 42.Rxe2 a4 43.b4 Ra1
44.Kd4 a3 45.Kc3 Ka4 46.b5 Rb1 47.Re4+ Ka5 48.Kc2 Rg1 49.Kb3 Rg3 50.Ra4+ Kxb5
51.Rd4 Ka5 52.Kxa3 b5 53.Kb3 Rh3 54.Rd5 Rh4 55.Rd8 Rg4 56.Ne5 Rh4 57.Nc6+ Kb6
58.Nb4 Rh3+ 59.Rd3 Rh6 60.Nd5+ Kc6 61.Nc3  1-0

[Event "Szirak"]
[Site "Szirak"]
[Date "1985.??.??"]
[Round "12"]
[White "Georgiev, Kiril"]
[Black "Klinger, Josef"]
[Result "0-1"]
[WhiteElo "2555"]
[BlackElo "2460"]

1.d4 Nf6 2.c4 e6 3.Nf3 b6 4.g3 Ba6 5.b3 Bb4+ 6.Bd2 Be7 7.Nc3 O-O 8.e4 d5
9.cxd5 Bxf1 10.Kxf1 exd5 11.e5 Ne4 12.Kg2 f5 13.Rc1 Qd7 14.Qe2 a6 15.Bf4 Nc6
16.Qe3 Nd8 17.Ne2 Ne6 18.h4 h6 19.h5 Kh7 20.Ne1 c5 21.f3 N4g5 22.Qd3 Rac8
23.Qxa6 Ra8 24.Qd3 Rxa2 25.Rc2 Ra3 26.Rc3 Ra2 27.Rc2 Ra3 28.Rc3 Ne4 29.fxe4 fxe4
30.Qe3 cxd4 31.Nxd4 Nxd4 32.Qxd4 Ra2+ 33.Nc2 Rxf4 34.gxf4 Qg4+ 35.Kf1 Bc5
36.Qd2 d4 37.Rch3 d3 38.Rxd3 exd3 39.Qxd3+ Kh8 40.Qd8+ Kh7 41.Qd3+ Kg8 42.Qd5+ Kf8
43.Qd8+ Kf7 44.Qc7+ Be7 45.Qc4+ Kf8 46.Ke1 Qg3+ 47.Kd2 Qg2+ 48.Kd3 Qxh1 49.Qc8+ Kf7
50.Qf5+ Ke8 51.Qc8+ Bd8 52.Qe6+ Kf8 53.Nd4 Qb1+ 54.Kc4 b5+ 55.Kd5 Qh1+ 56.Kc5 Qc1+
57.Kd5 Qh1+ 58.Kc5 Qb7 59.Qf5+ Kg8 60.Qe6+ Qf7  0-1

[Event "URS-ch sf"]
[Site "Togliatti"]
[Date "1985.??.??"]
[Round "?"]
[White "Antoshin, Vladimir S"]
[Black "Vyzmanavin, Alexey"]
[Result "0-1"]
[WhiteElo "2340"]
[BlackElo "2485"]

1.d4 Nf6 2.Nf3 e6 3.c4 b6 4.g3 Ba6 5.Qa4 c5 6.Bg2 Bb7 7.O-O Be7 8.Nc3 O-O
9.Rd1 cxd4 10.Nxd4 Bxg2 11.Kxg2 Qc8 12.e4 Qb7 13.f3 a6 14.Be3 Rc8 15.Rac1 d6
16.Qb3 Nbd7 17.a4 Ne5 18.Nb1 Rc7 19.Nd2 Rac8 20.Ne2 Nfd7 21.Rc3 Nc5 22.Bxc5 Rxc5
23.Rdc1 Bf6 24.Qa2 Nc6 25.Nb3 Bxc3 26.Nxc5 dxc5 27.Nxc3 Rd8 28.Rd1 Rd4 29.Rxd4 cxd4
30.Nd1 Qe7 31.Qa3 Qxa3 32.bxa3 Kf8 33.f4 f6 34.Kf3 Ke7 35.e5 fxe5 36.Ke4 exf4
37.gxf4 Kd6 38.Nf2 e5  0-1

[Event "SWE-ch"]
[Site "Uppsala"]
[Date "1985.??.??"]
[Round "?"]
[White "Schneider, Lars Ake"]
[Black "Renman, Nils Gustaf"]
[Result "1/2-1/2"]
[WhiteElo "2425"]
[BlackElo "2425"]

1.c4 e6 2.Nf3 Nf6 3.d4 b6 4.g3 Ba6 5.b3 Bb4+ 6.Bd2 Be7 7.Bg2 c6 8.Bc3 d5
9.Nbd2 Nbd7 10.O-O O-O 11.Re1  1/2-1/2

[Event "Vestmannaeyjum"]
[Site "Vestmannaeyjum"]
[Date "1985.??.??"]
[Round "9"]
[White "Olafsson, Helgi"]
[Black "Hjartarson, Johann"]
[Result "1/2-1/2"]
[WhiteElo "2515"]
[BlackElo "2530"]

1.d4 Nf6 2.Nf3 e6 3.c4 b6 4.g3 Ba6 5.b3 Bb4+ 6.Bd2 Be7 7.Bg2 O-O 8.O-O c6
9.Bc3 d5 10.Nbd2 Nbd7 11.Re1 Bb7 12.e4 dxe4 13.Nxe4 c5 14.Nfg5 cxd4 15.Bxd4 Qc7  1/2-1/2

[Event "Hoogovens-B"]
[Site "Wijk aan Zee"]
[Date "1985.??.??"]
[Round "4"]
[White "De Boer, Gert Jan"]
[Black "Grooten, Herman"]
[Result "1-0"]
[WhiteElo "2400"]
[BlackElo "2345"]

1.d4 Nf6 2.Nf3 e6 3.c4 b6 4.g3 Ba6 5.b3 Bb4+ 6.Bd2 Be7 7.Nc3 d5 8.cxd5 exd5
9.Bg2 O-O 10.O-O Re8 11.Qc2 Bb7 12.Bf4 Na6 13.Rfd1 h6 14.Qb2 Qc8 15.Rac1 Qe6
16.Ne5 g5 17.Be3 c6 18.a3 Bd6 19.b4 Nc7 20.f4 Nh5 21.Bf3 gxf4 22.gxf4 Qh3
23.Qd2 Bxe5 24.fxe5 Kh7 25.Bf2 Ne6 26.Kh1 Rg8 27.Rg1 Rg6 28.Qc2 Nef4 29.Bg4 Rg8
30.Bxh3 Nxh3 31.Rxg6 Rxg6 32.Bg3  1-0

[Event "Hoogovens-B"]
[Site "Wijk aan Zee"]
[Date "1985.??.??"]
[Round "6"]
[White "Van der Sterren, Paul"]
[Black "Grooten, Herman"]
[Result "1-0"]
[WhiteElo "2450"]
[BlackElo "2345"]

1.d4 Nf6 2.c4 e6 3.Nf3 b6 4.g3 Ba6 5.b3 Bb4+ 6.Bd2 Be7 7.Nc3 d5 8.cxd5 exd5
9.Bg2 O-O 10.O-O Re8 11.Qc2 Bb7 12.Bf4 Na6 13.Rad1 c5 14.dxc5 bxc5 15.Nh4 Qb6
16.Nf5 Bf8 17.a3 d4 18.Na4 Qb5 19.Qd3 Qd7 20.Bxb7 Qxb7 21.Nd6 Bxd6 22.Bxd6 Ne4
23.Bf4 Re6 24.f3 Nf6 25.e4 h6 26.g4 Rc8 27.Rc1 Rec6 28.Rc2 Qe7 29.Rfc1 Qe6
30.Nb2 g5 31.Bg3 h5 32.h3 Kg7 33.Nc4 hxg4 34.hxg4 Nd7 35.Ne5 Rb6 36.Nc4 Rbc6
37.Rh2 Rh8 38.Rcc2 Rxh2 39.Rxh2 Nf8 40.Rh5 Nh7 41.Qc2 Qe7 42.Qh2 Nf8 43.Bd6 Qe6
44.Rh8 Ng6 45.Qh6+ Kf6 46.e5+  1-0

[Event "Albena"]
[Site "Albena"]
[Date "1986.??.??"]
[Round "?"]
[White "Spassov, Liuben"]
[Black "Kengis, Edvins"]
[Result "1/2-1/2"]
[WhiteElo "2375"]
[BlackElo "2485"]

1.d4 Nf6 2.c4 e6 3.Nf3 b6 4.g3 Ba6 5.b3 d5 6.cxd5 exd5 7.Bg2 Bb4+ 8.Bd2 Bd6
9.Nc3 O-O 10.O-O Re8 11.Re1 Nbd7 12.Nh4 Bb7 13.Nb5 Bf8 14.Rc1 c6 15.Nc3 g6
16.Nf3 Ne4 17.Rc2 c5 18.Bc1 cxd4 19.Nxe4 dxe4 20.Nxd4 Nc5 21.Be3 Qe7 22.Qc1 Na6
23.Rd1 Rec8 24.Bh3 Rxc2 25.Nxc2 Rd8 26.Rxd8 Qxd8 27.Qd2 Qxd2 28.Bxd2  1/2-1/2

[Event "Albena"]
[Site "Albena"]
[Date "1986.??.??"]
[Round "?"]
[White "Sygulski, Artur"]
[Black "Kengis, Edvins"]
[Result "0-1"]
[WhiteElo "2425"]
[BlackElo "2485"]

1.d4 Nf6 2.c4 e6 3.Nf3 b6 4.g3 Ba6 5.Qb3 Nc6 6.Nbd2 Na5 7.Qa4 c5 8.Bg2 Bb7
9.O-O cxd4 10.Nxd4 Bxg2 11.Kxg2 Qc8 12.Kg1 Be7 13.N4b3 Qc6 14.Qxc6 Nxc6 15.Nf3 Rc8
16.Bd2 Ne4 17.Rac1 Bf6 18.Rc2 g5 19.Rfc1 g4 20.Ne1 a5 21.a4 Nc5 22.Nxc5 bxc5
23.e3 Rb8 24.Nd3 d6 25.Bc3 Bxc3 26.Rxc3 Ke7 27.Rd1 Rb6 28.b3 Rhb8 29.Nc1 Ne5
30.Kg2 h5 31.h3 f5 32.Rh1 Nf7 33.hxg4 hxg4 34.Kf1 Kf6 35.Ke2 Ng5 36.Rd3 Kg6
37.Rc3 Ne4 38.Rc2 Rxb3 39.Nxb3 Rxb3 40.Ra1 Kf6 41.Ke1 Ke5 42.Ke2 d5 43.cxd5 exd5
44.Rac1 Ra3 45.f3 gxf3+ 46.Kxf3 Rxa4 47.Rxc5 Nxc5 48.Rxc5 Ra3 49.Rb5 a4 50.Ra5 Ra1
51.Ra8 a3 52.Ra6 a2 53.Kg2 Ke4 54.Ra3 Rd1 55.Rxa2 Kxe3 56.Ra8 Rd2+ 57.Kh3 d4
58.Re8+ Kd3 59.Rf8 Rf2 60.Kh4 Rf3  0-1

[Event "Albena"]
[Site "Albena"]
[Date "1986.??.??"]
[Round "?"]
[White "Sygulski, Artur"]
[Black "Danailov, Silvio"]
[Result "0-1"]
[WhiteElo "2425"]
[BlackElo "2400"]

1.d4 Nf6 2.c4 e6 3.Nf3 b6 4.g3 Ba6 5.b3 Bb4+ 6.Bd2 Be7 7.Bg2 c6 8.Nc3 d5
9.O-O Nbd7 10.Bf4 O-O 11.Rc1 Rc8 12.Qd3 Nh5 13.Bd2 f5 14.Qe3 Rf6 15.Ng5 Nf8
16.Bf3 h6 17.Nh3 Qe8 18.cxd5 cxd5 19.Kg2 f4 20.gxf4 Ng6 21.Kh1 Nhxf4 22.Nxf4 Nxf4
23.Na4 Bd6 24.Rxc8 Bxc8 25.Qc3 Ba6 26.Re1 Nxe2 27.Rxe2 Bxe2 28.Bxe2 Rxf2
29.Bf3 Qg6  0-1

[Event "Albena"]
[Site "Albena"]
[Date "1986.??.??"]
[Round "?"]
[White "Spassov, Liuben"]
[Black "Barbulescu, Dan"]
[Result "1/2-1/2"]
[WhiteElo "2375"]
[BlackElo "2450"]

1.d4 Nf6 2.c4 e6 3.Nf3 b6 4.g3 Ba6 5.b3 Bb4+ 6.Bd2 Be7 7.Nc3 d5 8.cxd5 exd5
9.Bg2 O-O 10.O-O Bb7 11.Qc2 Na6  1/2-1/2

[Event "Albena"]
[Site "Albena"]
[Date "1986.??.??"]
[Round "?"]
[White "Genov, Petko"]
[Black "Danailov, Silvio"]
[Result "1/2-1/2"]
[WhiteElo "2395"]
[BlackElo "2400"]

1.d4 Nf6 2.Nf3 e6 3.c4 b6 4.g3 Ba6 5.b3 Bb4+ 6.Bd2 Be7 7.Nc3 Bb7 8.Bg2 O-O
9.O-O d5 10.cxd5 exd5 11.Qc2 Na6 12.Ne5 Qc8 13.Be3 Rd8 14.Rad1 Qe6 15.Qb2 Bf8
16.Nd3 Re8 17.b4 c6 18.Qb3 Nc7 19.Rc1 Ba6 20.Rfd1 Bc4 21.Qb2 b5 22.Bf4 Qe7
23.Be5 a5 24.a3 Na6 25.Nc5 Nxc5 26.bxc5 Ng4 27.Bf4 g5 28.Bd6 Qf6 29.Bf3 Bxd6
30.Bxg4 Bc7 31.e3 Qg6 32.Be2 Bxe2 33.Nxe2 f5 34.Qc2 f4 35.exf4 gxf4 36.Qxg6+ hxg6
37.Nxf4 Bxf4 38.gxf4 Re4 39.Re1 Rae8 40.Rxe4 Rxe4 41.Rd1 Re2 42.Kf1 Rb2 43.Rd3 a4
44.Ke1 Kf7 45.Rh3 Kg7 46.f5 gxf5  1/2-1/2

[Event "Baku"]
[Site "Baku"]
[Date "1986.??.??"]
[Round "?"]
[White "Kallai, Gabor"]
[Black "Magerramov, Elmar"]
[Result "0-1"]
[WhiteElo "2400"]
[BlackElo "2445"]

1.d4 Nf6 2.Nf3 e6 3.c4 b6 4.g3 Ba6 5.Qb3 c6 6.Nc3 d5 7.cxd5 cxd5 8.Ne5 Be7
9.Bg2 O-O 10.O-O Bb7 11.Bf4 Nc6 12.Nxc6 Bxc6 13.Rfc1 Qd7 14.a4 Rfc8 15.Bg5 h6
16.Bxf6 Bxf6 17.e3 Be7 18.Bf1 a6 19.Rc2 Qb7 20.Rac1 Bd7 21.Bg2 Bc6 22.Bf1 Be8
23.Bg2 Qd7 24.e4 dxe4 25.Bxe4 Rab8 26.d5 e5 27.Bd3 b5 28.axb5 axb5 29.Nd1 Rxc2
30.Rxc2 Bd6 31.Rc6 Qe7 32.Ra6 e4 33.Bxe4 Qxe4 34.Rxd6 Ra8 35.Qe3 Qc2 36.Qe1 Qc7
37.Ra6 Rxa6 38.Qxe8+ Kh7 39.Qxb5 Ra1 40.Qd3+ g6 41.Kg2 Qc1 42.Ne3 Qxb2 43.Qe4 Ra2
44.Qf4 Kg7 45.Ng4 h5 46.Ne5 Qb7 47.Nc6 Re2 48.Qd4+ Kg8 49.Qf6 Qd7 50.Qd4 Re1
51.h4 Qe8 52.Kh2 Qe2 53.Qf6 Qe4  0-1

[Event "Baku"]
[Site "Baku"]
[Date "1986.??.??"]
[Round "?"]
[White "Guseinov, Aidyn"]
[Black "Damljanovic, Branko"]
[Result "0-1"]
[WhiteElo "2300"]
[BlackElo "2420"]

1.d4 Nf6 2.c4 e6 3.Nf3 b6 4.g3 Ba6 5.Qa4 c5 6.Bg2 Bb7 7.O-O Be7 8.Nc3 cxd4
9.Nxd4 Bxg2 10.Kxg2 Qc7 11.Rd1 O-O 12.Bf4 Qb7+ 13.Nf3 a6 14.Bd6 Bxd6 15.Rxd6 Rc8
16.Rad1 Nc6 17.Kg1 b5 18.cxb5 axb5 19.Qf4 Ne7 20.Ne5 Ng6 21.Nxg6 hxg6 22.Qb4 Rab8
23.f3 Rc4 24.Qb3 Qa7+ 25.Kg2 Qc5 26.R1d2 g5 27.Ra6 g4 28.Ra5 gxf3+ 29.exf3 d5
30.a4 Qe3 31.Re2 Qd3 32.Rxb5 Rxb5 33.Qxb5 d4  0-1

[Event "Baku"]
[Site "Baku"]
[Date "1986.??.??"]
[Round "?"]
[White "Van der Sterren, Paul"]
[Black "Magerramov, Elmar"]
[Result "1/2-1/2"]
[WhiteElo "2470"]
[BlackElo "2445"]

1.d4 Nf6 2.c4 e6 3.Nf3 b6 4.g3 Ba6 5.b3 Bb4+ 6.Bd2 Be7 7.Nc3 O-O 8.e4 d5
9.cxd5 Bxf1 10.Kxf1 exd5 11.e5 Ne4 12.Kg2 f5 13.exf6 Bxf6 14.Re1 Nc6 15.Rc1 Nxd4
16.Nxd4 Bxd4 17.Nxe4 dxe4 18.Be3 Bxe3 19.Rxe3 Qg5 20.h4 Qf5 21.Qe2 Rf7  1/2-1/2

[Event "Berlin op"]
[Site "Berlin-West"]
[Date "1986.??.??"]
[Round "?"]
[White "Gheorghiu, Florin"]
[Black "Cserna, Laszlo"]
[Result "1-0"]
[WhiteElo "2555"]
[BlackElo "2400"]

1.d4 Nf6 2.Nf3 e6 3.c4 b6 4.g3 Ba6 5.b3 Bb4+ 6.Bd2 Be7 7.Bg2 c6 8.Bc3 d5
9.Ne5 Nfd7 10.Nxd7 Nxd7 11.Nd2 O-O 12.O-O Rc8 13.e4 c5 14.exd5 exd5 15.dxc5 dxc4
16.c6 cxb3 17.Re1 b2 18.Bxb2 Nc5 19.Ba3 Bd6 20.Nb3 Nd3 21.Bxd6 Qxd6 22.Nc1 Rfd8
23.Nxd3 Bxd3 24.Qa4 a5 25.Rad1 Qc7 26.Bh3 b5 27.Qh4  1-0

[Event "Berlin op"]
[Site "Berlin-West"]
[Date "1986.??.??"]
[Round "?"]
[White "Inkiov, Ventzislav"]
[Black "Varasdy, Imre"]
[Result "1-0"]
[WhiteElo "2480"]
[BlackElo "2310"]

1.d4 Nf6 2.c4 e6 3.Nf3 b6 4.g3 Ba6 5.Qa4 Bb7 6.Bg2 c5 7.O-O cxd4 8.Nxd4 Bxg2
9.Kxg2 Be7 10.Rd1 Qc8 11.Nc3 a6 12.Bg5 Qb7+ 13.f3 h6 14.Bxf6 Bxf6 15.Ne4 Be7
16.Rd3 O-O 17.Rad1 Rc8 18.Qb3 Qc7 19.R1d2 d6 20.Nxe6 fxe6 21.Nxd6 Bxd6 22.Rxd6 Nc6
23.c5 bxc5 24.Qxe6+ Kh8 25.Rxc6 Qxc6 26.Rd8+ Kh7 27.Qxc6  1-0

[Event "Biel-JMT"]
[Site "Biel"]
[Date "1986.??.??"]
[Round "?"]
[White "Haik, Aldo"]
[Black "Csom, Istvan"]
[Result "1-0"]
[WhiteElo "2455"]
[BlackElo "2505"]

1.d4 Nf6 2.c4 e6 3.Nf3 b6 4.g3 Ba6 5.b3 Bb4+ 6.Bd2 Be7 7.Nc3 c6 8.e4 d5 9.e5 Ne4
10.Bd3 Nxd2 11.Qxd2 Qd7 12.O-O O-O 13.Rfe1 b5 14.c5 b4 15.Na4 Bxd3 16.Qxd3 Qb7
17.Nb2 Na6 18.Qd2 Nc7 19.Nd3 a5 20.a3 bxa3 21.Rxa3 Rfb8 22.Kg2 Bd8 23.Rea1 Ra7
24.h4 Nb5 25.Ra4 Qd7 26.h5 h6 27.g4 Rab7 28.Rh1 Nc7 29.b4 axb4 30.Nxb4 Ne8
31.Rha1 Rb5 32.Nd3 Rb3 33.Ra7 R8b7 34.R1a3 Rxa3 35.Rxa3 Nc7 36.Nb4 Be7 37.Ra4 Bf8
38.Qd3 Qe8 39.g5 Be7 40.g6 fxg6 41.Qxg6 Qd7 42.Nd3 Bd8 43.Nh2 Rb3 44.Nb4 Nb5
45.Ng4 Kf8 46.Nf6 gxf6 47.Ra8 Nc7 48.Qxf6+ Ke8 49.Qh8+  1-0

[Event "Bor"]
[Site "Bor"]
[Date "1986.??.??"]
[Round "2"]
[White "Barlov, Dragan"]
[Black "Eingorn, Vereslav S"]
[Result "1/2-1/2"]
[WhiteElo "2550"]
[BlackElo "2570"]

1.d4 e6 2.c4 Nf6 3.Nf3 b6 4.g3 Ba6 5.Qb3 Bb7 6.Bg2 Qc8 7.Nc3 Nc6 8.O-O Na5
9.Qc2 Nxc4 10.e4 Be7 11.Bg5 h6 12.Bxf6 Bxf6 13.Rac1 O-O 14.Rfe1 Be7 15.Qa4 Nd6
16.d5 exd5 17.Nxd5 Bxd5 18.exd5 Bf6 19.Bh3 Qd8 20.b3 Nb7 21.Qxd7 Nc5 22.Qxd8 Raxd8
23.Red1 a5 24.Bf1 Rfe8 25.Bc4 Ne4 26.Nd4 Bxd4 27.Rxd4 c5 28.Rdd1 Nd6 29.Bd3 Kf8
30.Re1 Rxe1+ 31.Rxe1 Re8 32.Rd1 Re5 33.Bf1 Re4 34.Kg2 g5 35.h3 Ke7 36.Kf3 Kf6
37.Bd3 Rd4 38.Bc2 Rxd1 39.Bxd1 Ke5 40.Kg4 Ne4 41.f4+ gxf4 42.gxf4+ Kf6 43.Bf3 Nd6
44.a4 Nf5 45.Kh5 Kg7 46.Kg4 Nd6 47.Be2 f5+ 48.Kf3 Kf6 49.Bd3 Ne8 50.Ke3  1/2-1/2

[Event "OHRA-B"]
[Site "Brussels"]
[Date "1986.??.??"]
[Round "?"]
[White "Karolyi, Tibor Jr"]
[Black "Farago, Ivan"]
[Result "1/2-1/2"]
[WhiteElo "2410"]
[BlackElo "2520"]

1.d4 Nf6 2.c4 e6 3.Nf3 b6 4.g3 Ba6 5.b3 Bb4+ 6.Bd2 Be7 7.Bg2 d5 8.Ne5 O-O
9.O-O c6 10.Bf4 Nbd7 11.Nd2 Nxe5 12.Bxe5 Nd7 13.Bf4 Bf6 14.cxd5 cxd5 15.Nf3 Qe7
16.a4 Rfc8 17.Bc1 Qd8 18.Bb2 Be7 19.Qd2 Qf8 20.Rfc1 Bb4 21.Qd1 b5 22.axb5 Bxb5
23.e3 a5 24.Bf1 Bxf1 25.Kxf1 h6 26.Qd3 Qd6 27.Rxc8+ Rxc8 28.Rc1 Rxc1+ 29.Bxc1 Qc6
30.Bd2 Bxd2 31.Qxd2 Qb5+ 32.Kg2 Qxb3  1/2-1/2

[Event "JUG-ch"]
[Site "Budva"]
[Date "1986.??.??"]
[Round "?"]
[White "Cvitan, Ognjen"]
[Black "Ilincic, Zlatko"]
[Result "1-0"]
[WhiteElo "2500"]
[BlackElo "2490"]

1.d4 Nf6 2.c4 e6 3.Nf3 b6 4.g3 Ba6 5.Qb3 c6 6.Bf4 Be7 7.Nc3 O-O 8.e4 d5 9.cxd5 Bxf1
10.Kxf1 cxd5 11.exd5 Nxd5 12.Nxd5 exd5 13.Rc1 g5 14.Bxb8 Rxb8 15.h4 gxh4
16.Nxh4 Qd7 17.Qf3 f5 18.Qh5 Bxh4 19.Rxh4 Rf7 20.Re1 Re8 21.Qg5+ Kh8 22.Re5 Ref8
23.b3 Qb5+ 24.Kg2 Qd7 25.Qf4 Rg7 26.Qf3 Rgf7 27.Rf4 Qc8 28.Qxd5 Qc2 29.a4 Qd2
30.Rexf5 Rxf5 31.Rxf5 Rxf5 32.Qxf5  1-0

[Event "JUG-ch"]
[Site "Budva"]
[Date "1986.??.??"]
[Round "?"]
[White "Hulak, Krunoslav"]
[Black "Martinovic, Slobodan"]
[Result "1-0"]
[WhiteElo "2540"]
[BlackElo "2425"]

1.d4 Nf6 2.c4 e6 3.Nf3 b6 4.g3 Ba6 5.Qa4 c6 6.Nc3 Be7 7.e4 O-O 8.Bd3 d6 9.Qc2 h6
10.e5 Nfd7 11.h4 dxe5 12.dxe5 f6 13.exf6 Bxf6 14.Bf4 Bb7 15.O-O-O Bxc3 16.bxc3 Qf6
17.Ng5 e5 18.c5 b5 19.Bxb5 hxg5 20.Bc4+ Rf7 21.hxg5  1-0